Island Countries by a Single Word - Statistics

General Stats
  • This quiz has been taken 66 times
  • The average score is 12 of 16
Answer Stats
Word Countries % Correct
Castro Cuba
95%
Lemur Madagascar
95%
Reggae Jamaica
93%
Kiwis New Zealand
89%
Teardrop Sri Lanka
86%
Royalty United Kingdom
86%
Sun Japan
84%
Clovers Ireland
79%
Dodo Mauritius
79%
Geothermal Iceland
74%
Languages Papua New Guinea
72%
Populated Indonesia
70%
Blackbeard Bahamas
58%
Disappearing Maldives
47%
Phosphate Nauru
46%
Water Fiji
32%
No matching quizzes found
Score Distribution
Percent of People with Each Score
Percentile by Number Answered
Your Score History
You have not taken this quiz